[Event "TeamRussiamenrapid"]
[Site "?"]
[Date "2016.10.05"]
[Round "5.2"]
[White "Ponkratov, Pavel"]
[Black "Morozevich, Alexander"]
[Result "1/2-1/2"]
[LiveChessVersion "1.4.4"]
[BlackElo "2716"]
[WhiteElo "2654"]

1. d4 {[%clk 0:15:17]} e6 {[%clk 0:15:00]} 2. c4 {[%clk 0:15:26]} Bb4+
{[%clk 0:14:40]} 3. Nd2 {[%clk 0:15:34]} Nf6 {[%clk 0:14:33]} 4. a3
{[%clk 0:15:33]} Be7 {[%clk 0:14:41]} 5. Ngf3 {[%clk 0:14:41]} O-O
{[%clk 0:14:38]} 6. e4 {[%clk 0:14:43]} d6 {[%clk 0:14:45]} 7. Bd3
{[%clk 0:13:44]} Nbd7 {[%clk 0:10:37]} 8. b4 {[%clk 0:13:37]} e5 {[%clk 0:09:07]}
9. Bb2 {[%clk 0:13:45]} exd4 {[%clk 0:08:00]} 10. Nxd4 {[%clk 0:13:53]} c5
{[%clk 0:07:12]} 11. Nf5 {[%clk 0:13:12]} Ne5 {[%clk 0:07:20]} 12. Bc2
{[%clk 0:12:56]} Bxf5 {[%clk 0:06:49]} 13. exf5 {[%clk 0:13:04]} Nc6
{[%clk 0:06:51]} 14. b5 {[%clk 0:12:44]} Nd4 {[%clk 0:06:46]} 15. Bd3
{[%clk 0:12:11]} d5 {[%clk 0:06:12]} 16. a4 {[%clk 0:11:50]} Qd7 {[%clk 0:05:32]}
17. O-O {[%clk 0:10:40]} Rad8 {[%clk 0:05:40]} 18. Re1 {[%clk 0:05:37]} Rfe8
{[%clk 0:05:49]} 19. Bxd4 {[%clk 0:04:53]} cxd4 {[%clk 0:05:56]} 20. Qb3
{[%clk 0:05:02]} Qd6 {[%clk 0:04:23]} 21. cxd5 {[%clk 0:04:03]} Qb4
{[%clk 0:04:31]} 22. Rad1 {[%clk 0:03:42]} Kf8 {[%clk 0:04:10]} 23. Bc4
{[%clk 0:03:38]} Qc3 {[%clk 0:03:10]} 24. d6 {[%clk 0:02:26]} Bxd6
{[%clk 0:03:19]} 25. Rxe8+ {[%clk 0:02:35]} Rxe8 {[%clk 0:01:26]} 26. Bxf7
{[%clk 0:02:42]} Bxh2+ {[%clk 0:01:24]} 27. Kxh2 {[%clk 0:02:46]} Ng4+
{[%clk 0:01:33]} 28. Kg1 {[%clk 0:02:49]} Qxd2 {[%clk 0:01:42]} 29. Bxe8
{[%clk 0:02:14]} Qxf2+ {[%clk 0:01:51]} 30. Kh1 {[%clk 0:02:24]} Qh4+
{[%clk 0:02:00]} 31. Kg1 {[%clk 0:02:32]} Qf2+ {[%clk 0:01:02]} 32. Kh1
{[%clk 0:02:42]} Qh4+ 33. Kg1 Qh2+ {[%clk 0:00:41]} 34. Kf1 {[%clk 0:03:00]} Qh1+
{[%clk 0:00:50]} 35. Ke2 {[%clk 0:03:09]} Qxg2+ {[%clk 0:00:59]} 36. Kd3
{[%clk 0:03:18]} Qf3+ {[%clk 0:00:56]} 37. Kc4 {[%clk 0:02:52]} Qxd1
{[%clk 0:00:21]} 38. Qxd1 Ne3+ 39. Kxd4 {[%clk 0:03:07]} Nxd1 {[%clk 0:00:40]}
40. Bh5 {[%clk 0:03:14]} Nf2 {[%clk 0:00:39]} 41. a5 {[%clk 0:00:48]} Ke7
{[%clk 0:00:49]} 42. b6 {[%clk 0:00:48]} axb6 {[%clk 0:00:57]} 43. axb6
{[%clk 0:00:57]} g6 {[%clk 0:00:23]} 44. fxg6 {[%clk 0:00:26]} hxg6
{[%clk 0:00:31]} 1/2-1/2

[Event "TeamRussiamenrapid"]
[Site "?"]
[Date "2016.10.05"]
[Round "5.3"]
[White "Dreev, Aleksey"]
[Black "Khismatullin, Denis"]
[Result "1-0"]
[LiveChessVersion "1.4.4"]
[BlackElo "2668"]
[WhiteElo "2690"]

1. d4 {[%clk 0:14:34]} Nf6 {[%clk 0:15:19]} 2. Nf3 {[%clk 0:14:42]} d5
{[%clk 0:15:24]} 3. c4 {[%clk 0:14:49]} e6 {[%clk 0:15:33]} 4. Nc3
{[%clk 0:14:55]} Nbd7 {[%clk 0:15:29]} 5. cxd5 {[%clk 0:14:52]} exd5
{[%clk 0:15:37]} 6. Bf4 {[%clk 0:14:49]} c6 {[%clk 0:15:42]} 7. Qc2
{[%clk 0:14:49]} Nh5 {[%clk 0:14:58]} 8. Bg5 {[%clk 0:14:40]} Be7
{[%clk 0:15:05]} 9. Bxe7 {[%clk 0:14:47]} Qxe7 {[%clk 0:15:13]} 10. e3
{[%clk 0:14:50]} Nb6 {[%clk 0:15:18]} 11. h3 {[%clk 0:14:23]} g6 {[%clk 0:15:07]}
12. Ne5 {[%clk 0:13:30]} Bf5 {[%clk 0:12:09]} 13. Qb3 {[%clk 0:12:20]} f6
{[%clk 0:11:48]} 14. Nf3 {[%clk 0:11:58]} Ng7 {[%clk 0:11:38]} 15. Be2
{[%clk 0:11:31]} O-O {[%clk 0:10:43]} 16. O-O {[%clk 0:11:29]} Ne8
{[%clk 0:10:24]} 17. a4 {[%clk 0:10:56]} Nd6 {[%clk 0:10:17]} 18. a5
{[%clk 0:10:28]} Nd7 {[%clk 0:08:12]} 19. a6 {[%clk 0:10:12]} b6 {[%clk 0:08:11]}
20. Rac1 {[%clk 0:10:01]} Be6 {[%clk 0:08:01]} 21. Qa3 {[%clk 0:09:40]} Rfe8
{[%clk 0:07:09]} 22. Rfe1 {[%clk 0:09:10]} Rac8 {[%clk 0:06:54]} 23. Nd2
{[%clk 0:08:29]} Bf7 {[%clk 0:05:50]} 24. Bd3 {[%clk 0:08:11]} f5
{[%clk 0:05:12]} 25. f4 {[%clk 0:08:02]} Nc4 {[%clk 0:04:40]} 26. Qxe7
{[%clk 0:07:09]} Rxe7 {[%clk 0:04:49]} 27. Bxc4 {[%clk 0:07:17]} dxc4
{[%clk 0:04:57]} 28. e4 {[%clk 0:07:26]} b5 {[%clk 0:03:16]} 29. Kf2
{[%clk 0:05:17]} Kf8 {[%clk 0:02:02]} 30. exf5 {[%clk 0:05:16]} gxf5
{[%clk 0:02:06]} 31. g4 {[%clk 0:05:21]} fxg4 {[%clk 0:01:57]} 32. hxg4
{[%clk 0:05:29]} Rd8 {[%clk 0:02:01]} 33. Rxe7 {[%clk 0:05:23]} Kxe7
{[%clk 0:02:10]} 34. Re1+ {[%clk 0:05:19]} Kf8 {[%clk 0:02:19]} 35. Nf3
{[%clk 0:05:14]} Nb8 {[%clk 0:01:36]} 36. Rh1 {[%clk 0:04:39]} Bg8
{[%clk 0:01:10]} 37. Rh6 {[%clk 0:04:45]} Nxa6 {[%clk 0:01:02]} 38. Rxc6
{[%clk 0:04:19]} Nb4 {[%clk 0:01:10]} 39. Rc7 {[%clk 0:04:27]} Nd3+
{[%clk 0:00:56]} 40. Kg3 {[%clk 0:04:36]} b4 {[%clk 0:00:58]} 41. Ne4
{[%clk 0:04:06]} Nxb2 {[%clk 0:00:44]} 42. Nf6 {[%clk 0:04:10]} c3
{[%clk 0:00:22]} 43. Ne5 {[%clk 0:03:11]} b3 {[%clk 0:00:22]} 44. g5
{[%clk 0:03:15]} Rd6 {[%clk 0:00:13]} 45. Rc8+ {[%clk 0:01:58]} Ke7
{[%clk 0:00:22]} 46. Re8# {[%clk 0:01:58]} 1-0

[Event "TeamRussiamenrapid"]
[Site "?"]
[Date "2016.10.05"]
[Round "5.4"]
[White "Pridorozhni, Aleksei"]
[Black "Motylev, Alexander"]
[Result "1-0"]
[LiveChessVersion "1.4.4"]
[BlackElo "2669"]
[WhiteElo "2628"]

1. e4 {[%clk 0:15:19]} c6 {[%clk 0:15:54]} 2. Nc3 {[%clk 0:15:25]} d5
{[%clk 0:15:26]} 3. Qe2 {[%clk 0:15:33]} d4 {[%clk 0:15:31]} 4. Nd1
{[%clk 0:15:42]} e5 {[%clk 0:15:37]} 5. g3 {[%clk 0:15:50]} Bd6 {[%clk 0:15:40]}
6. d3 {[%clk 0:15:57]} Ne7 {[%clk 0:15:30]} 7. f4 {[%clk 0:16:03]} c5
{[%clk 0:15:32]} 8. Nf3 {[%clk 0:15:59]} Nbc6 {[%clk 0:15:34]} 9. Bg2
{[%clk 0:15:49]} Qc7 {[%clk 0:15:32]} 10. f5 {[%clk 0:15:56]} Bd7
{[%clk 0:15:36]} 11. c4 {[%clk 0:15:30]} O-O-O {[%clk 0:15:34]} 12. O-O
{[%clk 0:15:33]} f6 {[%clk 0:15:40]} 13. g4 {[%clk 0:15:21]} g6 {[%clk 0:15:27]}
14. Bh6 {[%clk 0:15:11]} Rdg8 {[%clk 0:14:30]} 15. Nf2 {[%clk 0:12:45]} Nd8
{[%clk 0:13:53]} 16. Bd2 {[%clk 0:12:53]} Nf7 {[%clk 0:11:54]} 17. Kh1
{[%clk 0:12:25]} Nc6 {[%clk 0:10:39]} 18. a3 {[%clk 0:12:21]} h5 {[%clk 0:10:30]}
19. fxg6 {[%clk 0:12:19]} Rxg6 {[%clk 0:10:15]} 20. Nh4 {[%clk 0:12:22]} Rgg8
{[%clk 0:09:24]} 21. gxh5 {[%clk 0:12:09]} Ne7 {[%clk 0:09:26]} 22. Bh3
{[%clk 0:09:22]} Kb8 {[%clk 0:09:03]} 23. Rg1 {[%clk 0:08:23]} Ng5
{[%clk 0:07:56]} 24. Bxg5 {[%clk 0:07:12]} fxg5 {[%clk 0:08:05]} 25. Nf5
{[%clk 0:07:13]} Be8 {[%clk 0:07:28]} 26. Bg4 {[%clk 0:07:03]} Nxf5
{[%clk 0:06:38]} 27. exf5 {[%clk 0:07:10]} e4 {[%clk 0:06:47]} 28. Nxe4
{[%clk 0:07:17]} Bf4 {[%clk 0:06:54]} 29. b4 {[%clk 0:06:41]} Be3
{[%clk 0:05:49]} 30. Rg2 {[%clk 0:06:18]} Bc6 {[%clk 0:05:02]} 31. Nxc5
{[%clk 0:06:14]} Rh6 {[%clk 0:04:19]} 32. Ne6 {[%clk 0:05:31]} Qe5
{[%clk 0:03:08]} 33. b5 {[%clk 0:05:18]} Be8 {[%clk 0:02:51]} 34. Re1
{[%clk 0:04:31]} Qd6 {[%clk 0:02:45]} 35. Qf3 {[%clk 0:04:33]} b6
{[%clk 0:01:35]} 36. Qg3 {[%clk 0:04:07]} Qxg3 {[%clk 0:00:51]} 37. hxg3
{[%clk 0:04:10]} Bf7 {[%clk 0:00:35]} 38. Rge2 {[%clk 0:03:32]} Rgh8
{[%clk 0:00:40]} 39. Kg2 {[%clk 0:03:40]} Bxh5 {[%clk 0:00:37]} 40. Bxh5
{[%clk 0:03:49]} Rxh5 {[%clk 0:00:46]} 41. Kf3 {[%clk 0:03:55]} g4+
{[%clk 0:00:39]} 42. Kxg4 {[%clk 0:03:59]} R5h6 {[%clk 0:00:42]} 43. Rxe3
{[%clk 0:04:03]} Rg8+ {[%clk 0:00:49]} 44. Kf4 {[%clk 0:04:10]} dxe3
{[%clk 0:00:58]} 45. Rxe3 {[%clk 0:04:19]} Kc8 {[%clk 0:01:04]} 46. g4
{[%clk 0:04:05]} Rh4 {[%clk 0:01:02]} 47. Rg3 {[%clk 0:04:14]} Kd7
{[%clk 0:01:08]} 48. d4 {[%clk 0:04:17]} Kd6 {[%clk 0:00:47]} 49. c5+
{[%clk 0:04:07]} Kd5 {[%clk 0:00:46]} 50. c6 {[%clk 0:04:10]} Kd6
{[%clk 0:00:50]} 51. c7 {[%clk 0:04:12]} Rh1 {[%clk 0:00:23]} 52. g5
{[%clk 0:04:03]} Rf1+ {[%clk 0:00:17]} 53. Rf3 {[%clk 0:04:11]} Rc1
{[%clk 0:00:22]} 54. g6 {[%clk 0:04:17]} Ke7 {[%clk 0:00:30]} 55. Ke5
{[%clk 0:04:16]} Re1+ {[%clk 0:00:37]} 56. Kd5 {[%clk 0:04:24]} Kd7
{[%clk 0:00:37]} 57. Rh3 {[%clk 0:04:20]} Kc8 {[%clk 0:00:32]} 58. Rh7
{[%clk 0:04:15]} Rf1 {[%clk 0:00:31]} 59. Rf7 {[%clk 0:04:23]} 1-0

[Event "TeamRussiamenrapid"]
[Site "?"]
[Date "2016.10.05"]
[Round "5.5"]
[White "Savchenko, Boris"]
[Black "Rakhmanov, Aleksandr"]
[Result "0-1"]
[LiveChessVersion "1.4.4"]
[BlackElo "2528"]
[WhiteElo "2676"]

1. e4 {[%clk 0:15:19]} d5 {[%clk 0:15:18]} 2. exd5 {[%clk 0:15:27]} Qxd5
{[%clk 0:15:27]} 3. Nc3 {[%clk 0:15:35]} Qd6 {[%clk 0:15:35]} 4. d4
{[%clk 0:15:43]} Nf6 {[%clk 0:15:43]} 5. Nf3 {[%clk 0:15:49]} g6 {[%clk 0:15:51]}
6. Bc4 {[%clk 0:15:53]} Bg7 {[%clk 0:15:59]} 7. O-O {[%clk 0:16:00]} O-O
{[%clk 0:16:05]} 8. Re1 {[%clk 0:14:51]} a6 {[%clk 0:16:09]} 9. a4
{[%clk 0:14:57]} Nc6 {[%clk 0:16:16]} 10. h3 {[%clk 0:09:09]} b6 {[%clk 0:16:20]}
11. Be3 {[%clk 0:05:56]} Bb7 {[%clk 0:16:02]} 12. Qe2 {[%clk 0:06:02]} e6
{[%clk 0:13:47]} 13. Rad1 {[%clk 0:05:22]} Nb4 {[%clk 0:12:24]} 14. Bg5
{[%clk 0:04:41]} Nbd5 {[%clk 0:07:48]} 15. Nxd5 {[%clk 0:04:29]} exd5
{[%clk 0:07:42]} 16. Bxf6 {[%clk 0:04:28]} Bxf6 {[%clk 0:06:47]} 17. Bd3
{[%clk 0:04:20]} c5 18. c3 {[%clk 0:04:20]} cxd4 {[%clk 0:05:08]} 19. Nxd4
{[%clk 0:04:18]} Bxd4 {[%clk 0:05:09]} 20. cxd4 {[%clk 0:04:21]} Bc6
{[%clk 0:05:18]} 21. Bxa6 {[%clk 0:04:01]} Bxa4 {[%clk 0:04:02]} 22. Ra1
{[%clk 0:04:09]} Rfe8 {[%clk 0:02:03]} 23. Qd2 {[%clk 0:02:26]} b5
{[%clk 0:02:02]} 24. Bb7 {[%clk 0:02:26]} Rxe1+ {[%clk 0:02:01]} 25. Rxe1
{[%clk 0:02:13]} Rb8 {[%clk 0:01:13]} 26. Qc1 {[%clk 0:02:10]} b4 27. Re5 Bb3
{[%clk 0:01:01]} 28. Bc8 {[%clk 0:01:09]} Kg7 {[%clk 0:00:46]} 29. Bg4
{[%clk 0:01:13]} Ra8 {[%clk 0:00:39]} 30. f4 {[%clk 0:00:36]} Bc4
{[%clk 0:00:34]} 31. Bf3 {[%clk 0:00:14]} Ra2 {[%clk 0:00:33]} 32. h4
{[%clk 0:00:20]} Qa6 {[%clk 0:00:23]} 33. Qd2 {[%clk 0:00:28]} Ra1+
{[%clk 0:00:31]} 34. Kh2 {[%clk 0:00:36]} Qf6 {[%clk 0:00:39]} 35. g3
{[%clk 0:00:42]} b3 {[%clk 0:00:15]} 36. f5 {[%clk 0:00:45]} Rf1 {[%clk 0:00:15]}
37. Kg2 {[%clk 0:00:49]} Rb1 {[%clk 0:00:22]} 38. Kh3 {[%clk 0:00:43]} Bf1+
{[%clk 0:00:29]} 39. Kh2 {[%clk 0:00:52]} Bc4 {[%clk 0:00:38]} 40. Kh3
{[%clk 0:00:59]} Bf1+ {[%clk 0:00:43]} 41. Kh2 {[%clk 0:01:03]} Bc4
{[%clk 0:00:52]} 42. Kh3 {[%clk 0:00:39]} h6 {[%clk 0:01:01]} 43. Bxd5
{[%clk 0:00:34]} Bxd5 {[%clk 0:01:07]} 44. Rxd5 {[%clk 0:00:43]} Qc6
{[%clk 0:00:49]} 45. Qg2 {[%clk 0:00:46]} Rxb2 {[%clk 0:00:23]} 46. Qf3
{[%clk 0:00:34]} h5 {[%clk 0:00:16]} 47. fxg6 {[%clk 0:00:31]} fxg6
{[%clk 0:00:14]} 48. Qe4 {[%clk 0:00:19]} Qc8+ {[%clk 0:00:18]} 49. g4
{[%clk 0:00:28]} Qc3+ {[%clk 0:00:26]} 0-1

[Event "TeamRussiamenrapid"]
[Site "?"]
[Date "2016.10.05"]
[Round "5.6"]
[White "Rozum, Ivan"]
[Black "Bocharov, Dmitry"]
[Result "0-1"]
[LiveChessVersion "1.4.4"]
[BlackElo "2612"]
[WhiteElo "2608"]

1. d4 {[%clk 0:15:18]} Nf6 {[%clk 0:15:18]} 2. c4 {[%clk 0:15:25]} e6
{[%clk 0:15:14]} 3. g3 {[%clk 0:15:18]} d5 {[%clk 0:15:21]} 4. Nf3
{[%clk 0:15:26]} Bb4+ {[%clk 0:15:24]} 5. Bd2 {[%clk 0:15:34]} Be7
{[%clk 0:15:33]} 6. Bg2 {[%clk 0:15:42]} O-O {[%clk 0:15:40]} 7. O-O
{[%clk 0:15:49]} c6 {[%clk 0:15:48]} 8. Qc2 {[%clk 0:15:56]} Nbd7
{[%clk 0:15:54]} 9. Rd1 {[%clk 0:15:58]} b6 {[%clk 0:15:51]} 10. Bf4
{[%clk 0:16:06]} Ba6 {[%clk 0:15:20]} 11. Ne5 {[%clk 0:16:09]} Rc8
{[%clk 0:15:24]} 12. cxd5 {[%clk 0:16:08]} Nxe5 {[%clk 0:15:26]} 13. d6
{[%clk 0:14:37]} Ng6 {[%clk 0:14:08]} 14. dxe7 {[%clk 0:14:44]} Qxe7
{[%clk 0:14:17]} 15. Bg5 {[%clk 0:14:09]} c5 {[%clk 0:12:44]} 16. Nc3
{[%clk 0:13:44]} cxd4 {[%clk 0:08:21]} 17. Rxd4 {[%clk 0:13:51]} Bb7
{[%clk 0:08:29]} 18. Bxb7 {[%clk 0:13:06]} Qxb7 {[%clk 0:08:37]} 19. Bxf6
{[%clk 0:12:30]} gxf6 {[%clk 0:08:46]} 20. Qd2 {[%clk 0:12:35]} Kg7
{[%clk 0:07:15]} 21. Rd1 {[%clk 0:12:13]} Rc7 {[%clk 0:06:15]} 22. h4
{[%clk 0:10:14]} h6 {[%clk 0:06:02]} 23. Ne4 {[%clk 0:09:58]} f5 {[%clk 0:04:22]}
24. Nd6 {[%clk 0:10:04]} Qa6 {[%clk 0:04:19]} 25. h5 {[%clk 0:06:29]} Ne5
{[%clk 0:04:12]} 26. b3 {[%clk 0:05:50]} Qa5 {[%clk 0:03:57]} 27. b4
{[%clk 0:05:42]} Qa4 {[%clk 0:03:52]} 28. Qf4 {[%clk 0:03:48]} f6
{[%clk 0:03:45]} 29. Qe3 {[%clk 0:03:36]} Qxa2 {[%clk 0:03:26]} 30. Nb5
{[%clk 0:03:21]} Re7 {[%clk 0:03:12]} 31. Kg2 {[%clk 0:02:09]} Qa4
{[%clk 0:02:52]} 32. Nd6 {[%clk 0:01:54]} Kh7 {[%clk 0:02:45]} 33. b5
{[%clk 0:04:56]} Qa2 {[%clk 0:02:36]} 34. Kf1 {[%clk 0:01:53]} Rg8
{[%clk 0:02:32]} 35. Qc3 {[%clk 0:01:59]} Rgg7 {[%clk 0:01:54]} 36. Ra1
{[%clk 0:01:16]} Rc7 {[%clk 0:02:00]} 37. Qe1 {[%clk 0:01:23]} Qb2
{[%clk 0:02:03]} 38. Rd2 {[%clk 0:01:30]} Rc3 {[%clk 0:02:11]} 39. Rc2
{[%clk 0:01:11]} Qxc2 {[%clk 0:02:11]} 40. Ne8 {[%clk 0:00:45]} Rf7
{[%clk 0:02:06]} 0-1

[Event "TeamRussiamenrapid"]
[Site "?"]
[Date "2016.10.05"]
[Round "5.7"]
[White "Zablotsky, Sergei"]
[Black "Moiseenko, Vadim"]
[Result "1-0"]
[LiveChessVersion "1.4.4"]
[BlackElo "2463"]
[WhiteElo "2493"]

1. d4 {[%clk 0:15:19]} Nf6 {[%clk 0:15:19]} 2. c4 {[%clk 0:15:28]} b6
{[%clk 0:15:27]} 3. f3 {[%clk 0:15:29]} Bb7 {[%clk 0:15:30]} 4. e4
{[%clk 0:15:31]} e6 {[%clk 0:15:33]} 5. Nc3 {[%clk 0:15:17]} d5 {[%clk 0:15:22]}
6. cxd5 {[%clk 0:15:01]} exd5 {[%clk 0:15:31]} 7. e5 {[%clk 0:15:09]} Nfd7
{[%clk 0:15:41]} 8. f4 {[%clk 0:14:50]} c5 {[%clk 0:15:49]} 9. Nf3
{[%clk 0:14:58]} Be7 {[%clk 0:15:57]} 10. Be3 {[%clk 0:14:57]} O-O
{[%clk 0:15:46]} 11. Be2 {[%clk 0:14:34]} cxd4 {[%clk 0:15:30]} 12. Nxd4
{[%clk 0:14:38]} Nc5 {[%clk 0:15:36]} 13. O-O {[%clk 0:14:40]} Re8
{[%clk 0:13:43]} 14. Bb5 {[%clk 0:14:21]} Rf8 {[%clk 0:13:44]} 15. Nf5
{[%clk 0:14:11]} Nba6 {[%clk 0:11:59]} 16. Nxd5 {[%clk 0:13:56]} Bxd5
{[%clk 0:11:21]} 17. Qxd5 {[%clk 0:14:03]} Nb4 {[%clk 0:11:29]} 18. Qxd8
{[%clk 0:13:09]} Bxd8 {[%clk 0:11:38]} 19. Bc4 {[%clk 0:11:02]} g6
{[%clk 0:10:49]} 20. Nh6+ {[%clk 0:11:07]} Kg7 {[%clk 0:10:57]} 21. f5
{[%clk 0:11:03]} f6 {[%clk 0:10:59]} 22. Ng4 {[%clk 0:10:39]} g5 {[%clk 0:10:41]}
23. exf6+ {[%clk 0:09:00]} Bxf6 {[%clk 0:10:50]} 24. Nxf6 Kxf6 {[%clk 0:10:59]}
25. Bd4+ {[%clk 0:09:13]} Ke7 {[%clk 0:11:09]} 26. Bg7 {[%clk 0:08:11]} Rae8
{[%clk 0:10:05]} 27. Rad1 {[%clk 0:07:55]} 1-0

[Event "TeamRussiamenrapid"]
[Site "?"]
[Date "2016.10.05"]
[Round "5.8"]
[White "Gochelashvili, David"]
[Black "Evdokimov, Alexander A."]
[Result "1-0"]
[LiveChessVersion "1.4.4"]
[BlackElo "2467"]
[WhiteElo "2445"]

1. d4 {[%clk 0:15:19]} Nf6 {[%clk 0:15:19]} 2. Bf4 {[%clk 0:15:27]} g6
{[%clk 0:15:20]} 3. e3 {[%clk 0:15:35]} Bg7 {[%clk 0:15:29]} 4. Nf3
{[%clk 0:15:43]} O-O {[%clk 0:15:34]} 5. Nbd2 {[%clk 0:15:41]} d6
{[%clk 0:15:21]} 6. h3 {[%clk 0:15:47]} b6 {[%clk 0:15:27]} 7. c3
{[%clk 0:15:45]} Bb7 {[%clk 0:15:33]} 8. Be2 {[%clk 0:15:21]} Nbd7
{[%clk 0:15:33]} 9. O-O {[%clk 0:15:28]} Ne4 {[%clk 0:14:56]} 10. Nxe4
{[%clk 0:14:58]} Bxe4 {[%clk 0:15:04]} 11. Ba6 {[%clk 0:14:51]} e5
{[%clk 0:14:58]} 12. Bg3 {[%clk 0:14:48]} Qe7 {[%clk 0:13:53]} 13. Nd2
{[%clk 0:12:38]} Bc6 {[%clk 0:13:52]} 14. Qb3 {[%clk 0:12:27]} Rad8
{[%clk 0:13:29]} 15. a4 {[%clk 0:11:20]} Nf6 {[%clk 0:12:06]} 16. a5
{[%clk 0:08:55]} Ne4 {[%clk 0:07:14]} 17. Nxe4 {[%clk 0:06:31]} Bxe4
{[%clk 0:07:23]} 18. d5 {[%clk 0:06:22]} Bf5 {[%clk 0:07:10]} 19. Qc4
{[%clk 0:06:00]} h5 {[%clk 0:05:32]} 20. Bb7 {[%clk 0:05:44]} g5 {[%clk 0:05:12]}
21. axb6 {[%clk 0:04:42]} axb6 {[%clk 0:05:20]} 22. Ra7 {[%clk 0:04:43]} f6
{[%clk 0:04:47]} 23. Ba6 {[%clk 0:04:27]} Rf7 {[%clk 0:04:56]} 24. f4
{[%clk 0:03:29]} gxf4 {[%clk 0:03:37]} 25. exf4 {[%clk 0:03:37]} e4
{[%clk 0:03:47]} 26. Qe2 {[%clk 0:03:30]} e3 {[%clk 0:03:14]} 27. Re1
{[%clk 0:03:38]} Qe4 {[%clk 0:02:56]} 28. Qxe3 {[%clk 0:02:50]} Qxd5
{[%clk 0:02:55]} 29. Qe2 {[%clk 0:02:58]} Qa5 {[%clk 0:02:25]} 30. Bc4
{[%clk 0:02:27]} Qxa7 {[%clk 0:01:52]} 31. Bxf7+ {[%clk 0:02:36]} Kxf7
{[%clk 0:01:34]} 32. Qe7+ {[%clk 0:02:45]} Kg6 {[%clk 0:01:43]} 33. Qxd8
{[%clk 0:02:52]} Qa2 {[%clk 0:01:25]} 34. Re7 {[%clk 0:02:20]} Kh6
{[%clk 0:00:27]} 35. Qxc7 {[%clk 0:02:13]} Bf8 {[%clk 0:00:34]} 36. Rf7
{[%clk 0:02:15]} Qb1+ {[%clk 0:00:17]} 37. Kh2 {[%clk 0:02:23]} h4
{[%clk 0:00:24]} 38. Bxh4 {[%clk 0:02:13]} Kh5 {[%clk 0:00:26]} 39. Rxf8
{[%clk 0:02:09]} 1-0

[Event "TeamRussiamenrapid"]
[Site "?"]
[Date "2016.10.05"]
[Round "5.9"]
[White "Moskalenko, Alexander"]
[Black "Derjabin, Ilja"]
[Result "1/2-1/2"]
[LiveChessVersion "1.4.4"]
[BlackElo "2341"]
[WhiteElo "2494"]

1. d4 {[%clk 0:15:19]} Nf6 {[%clk 0:15:18]} 2. c4 {[%clk 0:15:28]} d6
{[%clk 0:15:27]} 3. Nf3 {[%clk 0:15:30]} Bf5 {[%clk 0:15:31]} 4. Nc3
{[%clk 0:14:32]} h6 {[%clk 0:15:29]} 5. g3 {[%clk 0:14:35]} Nbd7 {[%clk 0:14:52]}
6. d5 {[%clk 0:13:46]} g5 {[%clk 0:13:05]} 7. Bg2 {[%clk 0:12:07]} Bg7
{[%clk 0:13:10]} 8. Nd4 {[%clk 0:11:43]} Bg6 {[%clk 0:13:18]} 9. O-O
{[%clk 0:11:46]} O-O {[%clk 0:13:13]} 10. e4 {[%clk 0:10:34]} Nc5
{[%clk 0:12:28]} 11. Re1 {[%clk 0:08:53]} a5 {[%clk 0:12:29]} 12. Nf5
{[%clk 0:08:10]} Bxf5 {[%clk 0:09:24]} 13. exf5 {[%clk 0:07:56]} Qd7
{[%clk 0:08:40]} 14. Qc2 {[%clk 0:08:01]} Ng4 {[%clk 0:08:12]} 15. Be3
{[%clk 0:05:29]} Nxe3 {[%clk 0:07:51]} 16. Rxe3 {[%clk 0:05:38]} Bd4
{[%clk 0:06:07]} 17. Re2 {[%clk 0:05:47]} Bxc3 {[%clk 0:06:11]} 18. Qxc3
{[%clk 0:05:50]} f6 {[%clk 0:04:06]} 19. Rae1 {[%clk 0:04:33]} Rf7
{[%clk 0:04:15]} 20. Re6 {[%clk 0:02:56]} Rg7 {[%clk 0:04:08]} 21. Bf3
{[%clk 0:02:18]} Nxe6 {[%clk 0:04:05]} 22. Rxe6 {[%clk 0:02:27]} g4
{[%clk 0:03:10]} 23. Be2 {[%clk 0:02:34]} Qe8 {[%clk 0:02:46]} 24. Qe3
{[%clk 0:02:39]} h5 {[%clk 0:02:51]} 25. Qe4 {[%clk 0:01:42]} Qf7
{[%clk 0:02:37]} 26. h3 {[%clk 0:01:21]} gxh3 {[%clk 0:02:40]} 27. Qh4
{[%clk 0:01:29]} Rh7 {[%clk 0:01:09]} 28. Kh2 {[%clk 0:01:31]} Kg7
{[%clk 0:01:04]} 29. Kxh3 {[%clk 0:01:37]} Rg8 {[%clk 0:01:11]} 30. c5
{[%clk 0:00:38]} Kh8 {[%clk 0:01:02]} 31. cxd6 {[%clk 0:00:21]} cxd6
{[%clk 0:01:12]} 32. Qd4 {[%clk 0:00:22]} Qg7 {[%clk 0:01:20]} 33. Qe3
{[%clk 0:00:29]} Qg5 {[%clk 0:01:24]} 34. Qe4 {[%clk 0:00:36]} h4
{[%clk 0:01:22]} 35. g4 {[%clk 0:00:38]} Qc1 {[%clk 0:01:28]} 36. Kh2
{[%clk 0:00:22]} Qxb2 {[%clk 0:01:27]} 37. a4 {[%clk 0:00:21]} Qb4
{[%clk 0:01:11]} 38. Qxb4 {[%clk 0:00:25]} axb4 {[%clk 0:01:20]} 39. Re4
{[%clk 0:00:34]} b3 {[%clk 0:01:17]} 40. Rb4 {[%clk 0:00:43]} Ra8
{[%clk 0:01:17]} 41. Bb5 {[%clk 0:00:43]} Rc8 {[%clk 0:01:16]} 42. Rxb3
{[%clk 0:00:51]} Rc2 {[%clk 0:01:21]} 43. Rf3 {[%clk 0:00:26]} Rd2
{[%clk 0:01:15]} 44. Bd7 {[%clk 0:00:33]} Rxd5 {[%clk 0:01:08]} 45. Kh3
{[%clk 0:00:37]} Kg7 {[%clk 0:01:07]} 46. Rb3 {[%clk 0:00:44]} Rh8
{[%clk 0:01:05]} 47. Be6 {[%clk 0:00:51]} Rd2 {[%clk 0:01:04]} 48. f4
{[%clk 0:00:44]} Rb8 {[%clk 0:01:09]} 49. g5 {[%clk 0:00:49]} Rd4
{[%clk 0:01:10]} 50. a5 {[%clk 0:00:40]} Rxf4 {[%clk 0:01:05]} 51. g6
{[%clk 0:00:41]} Ra4 {[%clk 0:00:51]} 52. Rb5 {[%clk 0:00:50]} Kf8
{[%clk 0:00:30]} 53. Bd5 {[%clk 0:00:30]} Kg7 {[%clk 0:00:37]} 54. Be6
{[%clk 0:00:37]} Kf8 {[%clk 0:00:46]} 55. Bd5 {[%clk 0:00:41]} Ra3+
{[%clk 0:00:42]} 56. Kxh4 {[%clk 0:00:47]} Ra4+ {[%clk 0:00:28]} 57. Kg3
{[%clk 0:00:51]} Ra3+ 58. Kf4 {[%clk 0:00:49]} Ra8 {[%clk 0:00:46]} 59. Rxb7
{[%clk 0:00:18]} R3xa5 {[%clk 0:00:52]} 60. Be6 {[%clk 0:00:22]} R5a7
{[%clk 0:00:51]} 61. Rb1 {[%clk 0:00:17]} Ra3 {[%clk 0:00:55]} 62. g7+
{[%clk 0:00:21]} Kxg7 {[%clk 0:00:46]} 63. Rg1+ {[%clk 0:00:30]} Kh7
{[%clk 0:00:52]} 64. Rh1+ {[%clk 0:00:33]} Kg7 {[%clk 0:00:54]} 65. Rg1+
{[%clk 0:00:41]} Kh7 {[%clk 0:01:03]} 66. Rh1+ {[%clk 0:00:50]} Kg7
{[%clk 0:00:19]} 1/2-1/2